Diccionario de biogeografía
I tiakina i:
| Kaituhi matua: | |
|---|---|
| Hōputu: | Pukapuka |
| Reo: | Pāniora |
| I whakaputaina: |
Valparaíso
Universitarias de Valparaíso
1977
|
| Putanga: | 1a. ed |
| Ngā marau: | |
| Ngā Tūtohu: |
Tāpirihia he Tūtohu
Kāore He Tūtohu, Me noho koe te mea tuatahi ki te tūtohu i tēnei pūkete!
|
MARC
| LEADER | 00000nam a2200000 a 4500 | ||
|---|---|---|---|
| 001 | UCU1720 | ||
| 003 | CL-VaPUC | ||
| 008 | 960412e19770000CL |||||||||||||||||spa|d | ||
| 082 | 0 | 4 | |a 578.09 |b QUI |2 21 |
| 100 | |a Quintanilla Pérez, Víctor Guillermo |e autor |9 332009 | ||
| 245 | 1 | 0 | |a Diccionario de biogeografía |
| 250 | |a 1a. ed | ||
| 300 | |a 249 p | ||
| 942 | |c BK | ||
| 945 | |d 19960412 00:00:00 |a mcarcey | ||
| 260 | |a Valparaíso |b Universitarias de Valparaíso |c 1977 | ||
| 650 | 7 | |a BIOGEOGRAFIA |2 CL-VaPUC |9 347934 | |
| 650 | 0 | |a Diccionarios |9 256200 | |
| 650 | 7 | |a FLORA |2 CL-VaPUC |9 264745 | |
| 650 | 7 | |a FAUNA |2 CL-VaPUC |9 349523 | |
| 650 | 0 | |a Geografía |9 259346 | |
| 583 | |a last modification |c 19960412 00:00:00 |k Rodrigo Vera | ||
| 999 | |c 246241 |d 246239 | ||
| 952 | |0 0 |1 0 |4 0 |6 578_090000000000000_QUI_1977 |7 0 |8 X |9 261038 |a BIBING |b BIBING |d 2019-11-19 |i 1706055 |l 3 |o 578.09 QUI 1977 |p 1706055 |r 2024-07-11 |s 2024-07-04 |w 2019-11-19 |y BK_X |k GEO | ||
| 952 | |0 0 |1 0 |4 0 |6 578_090000000000000_QUI_1977 |7 0 |8 X |9 261040 |a FDOBUD |b FDOBUD |d 2019-11-19 |i 1023675 |o 578.09 QUI 1977 |p 1023675 |r 2019-11-19 |w 2019-11-19 |y BK_X |k BUD | ||